000 00812nam a2200265Ia 4500
003 OSt
005 20220918171842.0
006 a|||||r|||| 00| 0
007 ta
008 220917b |||||||| |||| 00| 0 eng d
020 _a9788180902260 (hbk)
_c400
024 _a239,585
037 _b113, 09/10/2009, Vidyanidhi Prakashan
_cTextual
040 _aARTS
_cARTS
_beng
041 _2eng
_aeng
082 _aR65, P9
100 _aPerumal M. C. Alasinga
_939055
245 0 _aAspects of the vedanta
260 _aDelhi
_bBharatiya Kala Prakashan India
_c2009
300 _axv,226p.
_ccm.
650 _aPHILOSOPHY
700 _a Panda N. C. Ed.
_939056
942 _hR65, P9
_cTEXL
_2CC
999 _c141600
_d141600